| 000 | 00000nam##2200000za#4500 |
| 001 | 9.642375 |
| 003 | CaOODSP |
| 005 | 20240501092931 |
| 007 | cr ||||||||||| |
| 008 | 150407|2010||||xxc|||||o f|0| 0 fre|d |
| 040 | |aCaOODSP|bfre |
| 043 | |an-cn--- |
| 086 | 1 |aPS84-40/2010F-PDF |
| 110 | 2 |aService correctionnel Canada. |
| 245 | 10|aRapport d'évaluation intérimaire - Programme national des compétences relatives à l'emploi / |h[ressource électronique]|c[par] Direction de l'évaluation, Secteur des politiques. |
| 260 | |aOttawa - Ontario : |bService correctionnel Canada |cMai 2010. |
| 300 | |a118p.|bfigures, références, tableaux |
| 590 | |a13-19-Supp|b2013-08-14 |
| 775 | 08|tEvaluation report - National Employability Skills Program / |w(CaOODSP)9.698362 |
| 856 | 40|ahttp://publications.gc.ca|qPDF|s903 Ko|uhttps://publications.gc.ca/collections/collection_2013/scc-csc/PS84-40-2010-fra.pdf |
| 986 | |aDossier n° 394-2-83 |